000 00977nam a22003017a 4500
001 BR9402816
003 BR-BrBNA
005 20230928094148.0
007 ta
008 230509b bl.||||| |||| 00| 0 por d
040 _aBR-BrBNA
_bpor
_cBiblioteca Nacional de Agricultura
041 _a(Por)
072 _aF62
_b3240
_b3530
090 _ 3240 BR9402816
100 1 _aChiaranda, R.
110 1 _aEscola Superior de Agricultura Luiz de Queiroz, Piracicaba, SP (Brasil)
_0Tese (Mestre em Ciencias)
245 1 _aEfeitos da compactacao do solo em mudas de Eucalyptus toreliana F. Muell e de Eucalyptus grandis Hill ex Maiden
260 3 _aPiracicaba, SP (Brasil):
_c1989.
300 _a118 p.
500 _a9 graphs; 7 tables; Summaries (Eng, Por); Bibliography p. 105-118 (115 ref.)
650 _aEucalipto
650 _aMuda
650 _aCompactacao do Solo
650 _aRaiz
650 _aCrescimento
909 _a202309
_bLucia
_c55
_dLucia Elande
942 _cBK
999 _c49167
_d49167